| 000 | 00648cab a2200229 4500 | ||
|---|---|---|---|
| 001 | WB3242-38 | ||
| 008 | 090401t1996 xxu||||| |||| 00| 0 eng d | ||
| 035 | _a(Sirsi) u44743 | ||
| 041 | _aeng | ||
| 245 | _aDispute over cesspit | ||
| 260 | _c1996 | ||
| 350 | _a0 | ||
| 490 |
_aDaily Telegraph _v8 November 1996, 3(1) |
||
| 520 | _aThe CA has ruled that a woman must fill in the cesspit she had built to facilitate conversion of a manor to holiday flats, next to her neighbour`s home. | ||
| 650 | _aCESSPITS | ||
| 650 | _aPENNINGTON | ||
| 650 | _aTITLE | ||
| 650 | _aVERMEULENS | ||
| 690 | _aLAND | ||
| 942 | _n0 | ||
| 948 | _c04/03/1997 | ||
| 999 |
_c28431 _d28431 |
||